| 000 | 00417nam a2200181Ia 4500 | ||
|---|---|---|---|
| 008 | 220531s9999 xx 000 0 und d | ||
| 041 | _aeng | ||
| 082 | _bLAL | ||
| 100 |
_aLall, Ramji _942155 |
||
| 245 | _aTed Hughes : Selected Poems | ||
| 250 | _a1ST | ||
| 260 |
_bRama _c1999 |
||
| 300 | _a210 | ||
| 542 | _d10-07-2000 | ||
| 650 |
_aEnglish _942156 |
||
| 906 |
_d2000-2001 _f7532 |
||
| 999 |
_c25163 _d25163 |
||